[Event "Pays de Charleroi Open"]
[Site "Charleroi BEL"]
[Date "2011.08.04"]
[Round "7.11"]
[White "Van Mechelen,J"]
[Black "Marte,S"]
[Result "1/2-1/2"]
[WhiteElo "2242"]
[BlackElo "1970"]

1.e4 c5 2.Nf3 Nc6 3.Bb5 e6 4.Bxc6 bxc6 5.b3 d5 6.d3 Nf6 7.e5 Nd7 8.c4 Be7
9.O-O f6 10.Bb2 O-O 11.exf6 Bxf6 12.Qe2 Bxb2 13.Qxb2 Qf6 14.Nc3 h5 15.Rac1 h4
16.h3 Qh6 17.Qe2 Nf6 18.Ne5 Nh5 19.Na4 Nf4 20.Qe3 Qg5 21.Ng4 e5  1/2-1/2

[Event "50th World Juniors"]
[Site "Chennai IND"]
[Date "2011.08.04"]
[Round "3.57"]
[White "Aravindh,Chithambaram VR."]
[Black "Hercules,B"]
[Result "0-1"]
[WhiteElo "2212"]
[BlackElo "2089"]

1.e4 c5 2.Nf3 Nc6 3.Bb5 g6 4.O-O Bg7 5.c3 Nf6 6.d4 d5 7.e5 Ne4 8.Nbd2 Qb6
9.Qe2 cxd4 10.cxd4 O-O 11.Nb3 f6 12.exf6 exf6 13.Be3 Be6 14.Nc5 Nxc5 15.dxc5 Qc7
16.Bf4 Ne5 17.Nd4 Bd7 18.b4 Rfe8 19.Rfd1 a6 20.Bxd7 Qxd7 21.Nf3 Rad8 22.Nxe5 fxe5
23.Bg5 Rc8 24.Rac1 d4 25.Qc4+ Qf7 26.a4 Qxc4 27.Rxc4 h6 28.Bh4 Kf7 29.b5 axb5
30.axb5 Ke6 31.c6 bxc6 32.bxc6 Rc7 33.f4 Kd5 34.Rdc1 exf4 35.Rc5+ Kd6 36.Ra5 Rec8
37.Be1 Rxc6 38.Bb4+ Kd7 39.Re1 R8c7 40.Ba3 Bf6 41.g3 fxg3 42.hxg3 Rb7  0-1

[Event "16th Creon Open"]
[Site "Creon FRA"]
[Date "2011.08.04"]
[Round "5.9"]
[White "Boudre,JP"]
[Black "Billon,O"]
[Result "0-1"]
[WhiteElo "2304"]
[BlackElo "2149"]

1.e4 c5 2.Nf3 Nc6 3.Bb5 Nf6 4.Bxc6 dxc6 5.d3 Bg4 6.Nbd2 Nd7 7.h3 Bh5 8.Nc4 f6
9.Bd2 e5 10.Qe2 Qc7 11.a3 Bf7 12.Nh4 g6 13.Qg4 Be7 14.g3 O-O-O 15.O-O-O Kb8
16.f4 Ka8 17.Qe2 Qb8 18.Nf3 b5 19.Ne3 c4 20.dxc4 b4 21.axb4 Bxb4 22.fxe5 Nc5
23.Nd5 cxd5 24.exd5 Na4 25.Bxb4 Qxb4 26.c3 Nxc3 27.bxc3 Qxc3+ 28.Qc2 Qxf3
29.e6 Rb8 30.Qd3 Qg2 31.Rde1 Qb2+ 32.Kd1 Be8 33.Qc2 Qd4+ 34.Ke2  0-1

[Event "ECT Open A"]
[Site "Borne NED"]
[Date "2011.08.05"]
[Round "8.7"]
[White "Lensink,Daan"]
[Black "Mostertman,M"]
[Result "0-1"]
[WhiteElo "1647"]
[BlackElo "2232"]

1.e4 c5 2.Nf3 Nc6 3.Bb5 g6 4.O-O Bg7 5.c3 Nf6 6.Qe2 O-O 7.d4 cxd4 8.cxd4 d5
9.e5 Ne4 10.Bxc6 bxc6 11.Ng5 Qb6 12.Rd1 Ba6 13.Qc2 Nxg5 14.Bxg5 Rfb8 15.Bxe7 Qxb2
16.Na3 Bf8 17.Bxf8 Kxf8 18.Qxb2 Rxb2 19.Rdc1 Rc8 20.Nc2 c5 21.Ne3 cxd4 22.Rxc8+ Bxc8
23.Nxd5 Be6 24.Nf6 Bxa2 25.f4 h5 26.Ne4 Bd5 27.Nf2 a5 28.h3 Ba2 29.Nd3 Rb1+
30.Rxb1 Bxb1 31.Nb2 Bc2 32.Kf2 Bb3 33.Ke2 a4 34.Nxa4 Bxa4 35.Kd3 h4  0-1

[Event "98th ch-GBR"]
[Site "Sheffield ENG"]
[Date "2011.08.05"]
[Round "11.19"]
[White "Webb,L"]
[Black "Dargan,P"]
[Result "1-0"]
[WhiteElo "2306"]
[BlackElo "2151"]

1.e4 c5 2.Nf3 Nc6 3.Bb5 g6 4.O-O Bg7 5.Re1 Nf6 6.Nc3 Nd4 7.e5 Ng8 8.Bc4 Nh6
9.d3 O-O 10.Nxd4 cxd4 11.Nd5 Kh8 12.Bg5 f6 13.exf6 exf6 14.Bxh6 Bxh6 15.Qg4 b6
16.Qxd4 Bb7 17.Re2 Bg7 18.Rae1 f5 19.Qf4 Rc8 20.Ne7 Rc7 21.Qh4 d5 22.Nxg6+ Kg8
23.Ne7+ Kh8 24.Ng6+ Kg8 25.Qxd8 Rxd8 26.Ne7+ Rxe7 27.Rxe7  1-0

[Event "Tabor Open"]
[Site "Tabor CZE"]
[Date "2011.08.05"]
[Round "7.1"]
[White "Westerinen,H"]
[Black "Voloshin,L"]
[Result "1/2-1/2"]
[WhiteElo "2355"]
[BlackElo "2411"]

1.e4 c5 2.Nf3 Nc6 3.Bb5 d6 4.O-O Bd7 5.c3 a6 6.Ba4 b5 7.Bc2 e5 8.h3 Nf6 9.d4 Be7
10.d5 Na5 11.b3 Nb7 12.Be3 O-O 13.Nbd2 Ne8 14.Nh2 Bg5 15.Qh5 Bxe3 16.fxe3 g6
17.Qh6 Qe7 18.Rf2 f6 19.Raf1 Qg7 20.Qh4 h5 21.Ndf3 Nc7 22.Nd2 Ne8 23.Ndf3 Nc7  1/2-1/2

[Event "IRT Jose Rubinstein"]
[Site "Villa Martelli ARG"]
[Date "2011.08.05"]
[Round "5.4"]
[White "Gallego,G"]
[Black "Ariganello,Sebastian"]
[Result "1-0"]
[WhiteElo "2179"]
[BlackElo "1860"]

1.e4 c5 2.Nf3 Nc6 3.Bb5 g6 4.Bxc6 dxc6 5.Nc3 Bg7 6.d3 Bg4 7.h3 Bxf3 8.Qxf3 Nf6
9.Be3 Nd7 10.O-O O-O 11.Qd1 e5 12.Qd2 Re8 13.a4 b6 14.a5 b5 15.Kh1 Qe7 16.Rae1 Nf8
17.Ne2 Ne6 18.Nc1 a6 19.c3 Rad8 20.Qe2 Rd7 21.g3 Red8 22.Qg4 Rf8 23.f4 f5
24.exf5 gxf5 25.Qf3 Qd6 26.fxe5 Bxe5 27.Bf4 Nxf4 28.gxf4 Bf6 29.Re3 Qd5 30.Qxd5+ Rxd5
31.Re6 Bd8 32.Rxc6 Bxa5 33.Nb3 Bd8 34.Nxc5 Be7 35.Ne6 Rb8 36.Rg1+ Kh8 37.Rc7 Rg8
38.Rxe7  1-0

[Event "50th World Juniors"]
[Site "Chennai IND"]
[Date "2011.08.06"]
[Round "5.36"]
[White "Shreyansh,D"]
[Black "Zulfic,F"]
[Result "1-0"]
[WhiteElo "2298"]
[BlackElo "2098"]

1.e4 c5 2.Nf3 Nc6 3.Bb5 e6 4.O-O Nge7 5.c3 a6 6.Ba4 b5 7.Bc2 d5 8.e5 d4 9.Qe2 Bb7
10.a4 b4 11.Be4 Ng6 12.d3 Be7 13.cxb4 cxb4 14.Nbd2 Nf4 15.Qe1 g5 16.Nb3 Rc8
17.Bxf4 gxf4 18.Rc1 Qb6 19.Qd2 f5 20.exf6 Bd6 21.a5 Qa7 22.Ng5 Nd8 23.Qe2 Rxc1
24.Qh5+ Kd7 25.Rxc1 h6 26.Nxe6 Bxe4 27.Nec5+  1-0

[Event "16th Creon Open"]
[Site "Creon FRA"]
[Date "2011.08.06"]
[Round "8.4"]
[White "Nevednichy,V"]
[Black "Lazarev,V"]
[Result "1-0"]
[WhiteElo "2523"]
[BlackElo "2445"]

1.e4 c5 2.Nf3 Nc6 3.Bb5 g6 4.c3 Nf6 5.Qe2 Bg7 6.O-O O-O 7.Rd1 Qb6 8.Ba4 d6
9.h3 e5 10.d3 h6 11.a3 Be6 12.b4 Qa6 13.Bxc6 Qxc6 14.bxc5 Qxc5 15.a4 Rfe8
16.c4 Nh5 17.Ba3 Qc6 18.Nc3 f5 19.Rab1 Nf4 20.Qe3 fxe4 21.Nxe4 d5 22.Nd6 d4
23.Qe4 Qxe4 24.dxe4 Reb8 25.Rd2 b6 26.h4 Bd7 27.Nb5 Rc8 28.Bd6 Rxc4 29.Nxe5 Bxe5
30.Bxe5 Ne6 31.Nd6 Rxa4 32.f4 Rf8 33.Rf1 Nc5 34.Rxd4 Rxd4 35.Bxd4 Ne6 36.Be3 Ng7
37.Ra1 Ne8 38.Nc4 Bc6 39.Rxa7 Bxe4 40.Nxb6 Nf6 41.Bd4 Rf7 42.Ra4 Ng4 43.Bb2 Re7
44.Be5 Bc6 45.Rc4 Re6 46.Rc5 Bxg2 47.Rc8+ Kf7 48.Nc4 Bd5 49.Nd6+ Ke7 50.Rc7+ Kd8
51.Rc5 Bf3 52.Rc3 Nxe5 53.fxe5 Bh5 54.Rc5 Kd7 55.Ne4 Rb6 56.Kf2 Ke6 57.Ra5 Rb2+
58.Ke3 Rb3+ 59.Kd4 Rb4+ 60.Kd3 Be2+ 61.Ke3 Bb5 62.Nc3 Bf1 63.Nd5 Rxh4 64.Nf4+ Kf5
65.e6+ Kf6 66.e7 Kf7 67.Re5 Bb5 68.Rxb5 g5 69.Nd5 Rh1 70.Rb8 Re1+ 71.Kf3 Re5
72.Rf8+  1-0

[Event "7th Gazi-Heraklion Open"]
[Site "Heraklion GER"]
[Date "2011.08.06"]
[Round "1"]
[White "Dimitriadis,T"]
[Black "Dochev,D"]
[Result "0-1"]
[WhiteElo "1922"]
[BlackElo "2426"]

1.e4 c5 2.Nf3 Nc6 3.Bb5 d6 4.Bxc6+ bxc6 5.c3 Nf6 6.Qa4 Bd7 7.O-O e5 8.d3 Be7
9.Nbd2 O-O 10.Re1 Qc8 11.Nc4 Bg4 12.Nfd2 Nd7 13.Ne3 Nb6 14.Qc2 Be6 15.Nf3 f6
16.d4 cxd4 17.cxd4 c5 18.dxc5 Qxc5 19.Qxc5 dxc5 20.Nf5 Rf7 21.Be3 Bf8 22.b3 Rc7
23.Rac1 g6 24.Nh6+ Kg7 25.g4 c4 26.g5 Be7 27.a4 Rac8 28.a5 Nd7 29.bxc4 Nc5
30.Rcd1 Nxe4 31.Bc1 Nxg5 32.Nxg5 fxg5 33.Rxe5 Bxc4 34.Ng4 h5 35.Bb2 Kf7 36.Ne3 Be6  0-1

[Event "Split Open"]
[Site "Split CRO"]
[Date "2011.08.06"]
[Round "2.24"]
[White "Bozanic,I"]
[Black "Sevelj,B"]
[Result "1-0"]
[WhiteElo "2234"]
[BlackElo "2028"]

1.e4 c5 2.Nf3 Nc6 3.Bb5 e6 4.Nc3 Be7 5.O-O a6 6.Bxc6 bxc6 7.d3 Nf6 8.e5 Nd5
9.Ne4 d6 10.c4 Nb6 11.exd6 Bxd6 12.Be3 Qe7 13.b4 Nd7 14.Qa4 Bb7 15.Rab1 cxb4
16.Nxd6+ Qxd6 17.Rxb4 Bc8 18.c5 Qc7 19.Bf4 e5 20.Nxe5 f6 21.Nxc6 Nxc5 22.Re1+ Kf7
23.Bxc7 Nxa4 24.Rxa4 Bb7 25.Na5 Bd5 26.Nc4 Bc6 27.Nd6+ Kg8 28.Rc4  1-0

[Event "FSIMA August"]
[Site "Budapest HUN"]
[Date "2011.08.07"]
[Round "2"]
[White "Gara,A"]
[Black "Kamberi,S"]
[Result "1-0"]
[WhiteElo "2369"]
[BlackElo "2279"]

1.e4 c5 2.Nf3 Nc6 3.Bb5 g6 4.Bxc6 dxc6 5.d3 Bg7 6.h3 e5 7.O-O h6 8.Be3 b6
9.a4 g5 10.Nh2 Ne7 11.a5 Rb8 12.axb6 axb6 13.Ra7 Be6 14.Nd2 Ng6 15.Nc4 Nf4
16.Ng4 Ng6 17.Bd2 O-O 18.Bc3 f6 19.Nxh6+ Bxh6 20.Qh5 Nf4 21.Qxh6 Rf7 22.Rxf7 Bxf7
23.Nxe5  1-0

[Event "FSGM August"]
[Site "Budapest HUN"]
[Date "2011.08.07"]
[Round "2"]
[White "Czebe,A"]
[Black "Konnyu,J"]
[Result "1-0"]
[WhiteElo "2526"]
[BlackElo "2370"]

1.e4 c5 2.Nf3 Nc6 3.Bb5 Nf6 4.e5 Nd5 5.O-O g6 6.Nc3 Nc7 7.Bxc6 dxc6 8.h3 Bg7
9.d3 O-O 10.Ne4 b6 11.Re1 Ne6 12.Neg5 Qd5 13.c4 Qd8 14.Nxe6 Bxe6 15.Bf4 Bf5
16.Re3 h6 17.g4 Be6 18.Qe2 Qd7 19.Bg3 Rad8 20.Nh2 b5 21.Re1 g5 22.b3 a5 23.f4 gxf4
24.Bxf4 a4 25.Nf1 axb3 26.axb3 Qd4 27.Qf2 f5 28.g5 hxg5 29.Bxg5 Kf7 30.Ng3 Ke8
31.Ne2 Qb2 32.Nf4 Qxf2+ 33.Kxf2 Kf7 34.Rg1 Bh8 35.h4 Ra8 36.h5 Ra2+ 37.Kf3 Rb2
38.Ng6 Re8 39.Bxe7 Rxe7 40.Nxh8+ Ke8 41.Ng6 Rh7 42.Nf4 Ke7 43.Re2 Rxb3 44.Ra2 Bf7
45.Ra7+ Kf8 46.Ke3  1-0

[Event "Pays de Charleroi Open"]
[Site "Charleroi BEL"]
[Date "2011.08.07"]
[Round "9"]
[White "Lacroix,B"]
[Black "Marte,S"]
[Result "1-0"]
[WhiteElo "2185"]
[BlackElo "1970"]

1.e4 c5 2.Nf3 Nc6 3.Bb5 e6 4.Bxc6 bxc6 5.O-O d5 6.Qe2 Nf6 7.d3 c4 8.Nc3 cxd3
9.cxd3 Be7 10.Bg5 h6 11.Bxf6 Bxf6 12.d4 Qa5 13.Qd2 Be7 14.a3 dxe4 15.Ne5 Bb7
16.b4 Qc7 17.Nxe4 O-O 18.Rac1 f6 19.Ng6 Rfd8 20.Nxe7+ Qxe7 21.Nc5 e5 22.Qa2+ Rd5
23.dxe5 fxe5 24.Rfe1 Kh8 25.f4 Re8 26.Re2 Bc8 27.Rce1 Qf6 28.g3 Bg4 29.Re3 Qd6
30.Qc4 Rd1 31.Qf1 Qd4 32.Nb3 Qd5 33.Rxd1 Bxd1 34.Rd3 Bxb3 35.Rxd5 Bxd5 36.fxe5 Rxe5
37.Qf8+ Kh7 38.Qb8 Re7 39.Kf2 Rf7+ 40.Ke2 a6 41.Qb6 Bc4+ 42.Ke3 Bb5 43.Qc5 Rf6
44.h4 Re6+ 45.Kd4 Rf6 46.g4 Kg8 47.Qe5 Rf2 48.Kc5 Re2 49.Qf5 Rd2 50.Kb6 Rd5
51.Qf4 Kh7 52.Qe4+ Kg8 53.Qg6 Re5 54.Qc2 Re6 55.Qf5 Rf6 56.Qe5 Kf7 57.g5 hxg5
58.hxg5 Re6 59.Qf5+ Ke7 60.g6 Kd6 61.Qc5+ Kd7 62.Qd4+ Kc8 63.Qxg7 c5+ 64.Kxc5 Bd3
65.Qf8+ Kd7 66.Qf7+  1-0

[Event "50th World Juniors"]
[Site "Chennai IND"]
[Date "2011.08.07"]
[Round "6.59"]
[White "Chaithanyaa,K"]
[Black "Krishna,P1"]
[Result "1-0"]
[WhiteElo "2088"]
[BlackElo "2027"]

1.e4 c5 2.Nf3 Nc6 3.Bb5 g6 4.O-O Bg7 5.Re1 Nd4 6.Nxd4 cxd4 7.d3 a6 8.Bc4 d6
9.a4 e6 10.Nd2 Ne7 11.Bb3 b6 12.f4 O-O 13.Nf3 Bd7 14.Bd2 Nc6 15.Re2 e5 16.h3 Be6
17.Ra3 b5 18.Bxe6 fxe6 19.Ng5 Qd7 20.axb5 axb5 21.Rxa8 Rxa8 22.Rf2 h6 23.Nf3 exf4
24.Bxf4 e5 25.Bd2 d5 26.Nh2 dxe4 27.dxe4 Qe6 28.b3 Rd8 29.Rf3 Nb8 30.Qf1 Qc6
31.Ng4 h5 32.Nh6+ Bxh6 33.Bxh6 Nd7 34.Rf7 Qe6 35.Rg7+ Kh8 36.Qxb5 g5 37.Bxg5 Kxg7
38.Bxd8 Kg6 39.b4 Nf6 40.Bxf6 Qxf6 41.Qe8+ Kh6 42.b5 Qf4 43.Qe6+ Kg7 44.Qf5 Qg3
45.b6 d3 46.cxd3 Qe3+ 47.Kh2 Qxb6 48.Qxe5+ Kh6 49.d4  1-0

[Event "Politiken Cup"]
[Site "Helsingor DEN"]
[Date "2011.08.07"]
[Round "10.16"]
[White "Skovgaard,Pe2"]
[Black "Cmilyte,V"]
[Result "0-1"]
[WhiteElo "2288"]
[BlackElo "2528"]

1.e4 c5 2.Nf3 Nc6 3.Bb5 Nf6 4.Nc3 Qc7 5.O-O Nd4 6.Re1 a6 7.Bf1 Ng4 8.g3 Nxf3+
9.Qxf3 Ne5 10.Qe2 e6 11.d3 d6 12.Nd1 b5 13.c3 c4 14.dxc4 bxc4 15.Ne3 Bd7
16.Nxc4 Bb5 17.b3 Rc8 18.Rb1 Be7 19.Bf4 Bxc4 20.bxc4 O-O 21.c5 Qxc5 22.Bxe5 dxe5
23.Qxa6 Qxc3 24.a4 Bc5 25.Rbc1 Qb4 26.Qb5 Qd2 27.Qe2 Qa5 28.Qa6 Qd8 29.Rc2 Ra8
30.Qc6 Bd4 31.Rec1 h5 32.Ba6 h4 33.Kg2 g6 34.Bc8 Ra7 35.f3 Kg7 36.Rd1 Rh8
37.Qc4 Qf6 38.Rd3 hxg3 39.hxg3 g5 40.f4 Qh6 41.Rxd4 Qh1+ 42.Kf2 Rh2+ 43.Ke3 gxf4+
44.gxf4 Qg1+ 45.Kf3 Rh3+  0-1

[Event "Sakkozo Magyarok World Meeting"]
[Site "Lakitelek HUN"]
[Date "2011.08.08"]
[Round "3.26"]
[White "Szlabey,G"]
[Black "Jakab,Zsolt"]
[Result "1-0"]
[WhiteElo "1918"]
[BlackElo "1714"]

1.e4 c5 2.Nf3 Nc6 3.Bb5 Nf6 4.d3 d6 5.O-O Bd7 6.c3 e5 7.Na3 Be7 8.Bc4 a6
9.Nc2 O-O 10.a4 Na5 11.Ne3 Nxc4 12.Nxc4 Bc6 13.a5 Qc7 14.Nb6 Rad8 15.c4 Nd7
16.Nd5 Bxd5 17.exd5 h6 18.Nd2 Bg5 19.g3 f5 20.h4 Be7 21.Qh5 Qc8 22.f4 Nf6
23.Qe2 Ng4 24.Nf3 Bf6 25.Nh2 h5 26.Nxg4 fxg4 27.f5 Rde8 28.Qe4 Qd8 29.Bd2 b6
30.b4 cxb4 31.Bxb4 bxa5 32.Bxa5 Qc8 33.Bb6 Bd8 34.Bxd8 Rxd8 35.f6 Qc5+ 36.Kg2 Qd4
37.Qxd4 exd4 38.fxg7 Rxf1 39.Kxf1 Ra8 40.Ke2 Kxg7 41.Kd2 a5 42.Kc2 a4 43.Kb2 Rb8+
44.Ka3 Rb3+ 45.Kxa4 Rxd3 46.Kb5 Rxg3 47.Rd1 d3 48.Kc6 Rf3 49.Kxd6 g3 50.c5 g2
51.Rg1 d2 52.Rxg2+  1-0

[Event "Sakkozo Magyarok World Meeting"]
[Site "Lakitelek HUN"]
[Date "2011.08.08"]
[Round "4.24"]
[White "Orban,Vasile-Gheorghe"]
[Black "Pilisi,L"]
[Result "1-0"]
[WhiteElo "1722"]
[BlackElo "1960"]

1.e4 c5 2.Nf3 Nc6 3.Bb5 d6 4.Bxc6+ bxc6 5.O-O g6 6.Re1 Bg7 7.c3 e6 8.d3 Ne7
9.Be3 Rb8 10.Qd2 O-O 11.Bh6 Ba6 12.Bxg7 Kxg7 13.b3 f6 14.c4 Qd7 15.Na3 e5
16.h3 d5 17.Qa5 Bc8 18.cxd5 cxd5 19.Qxc5 Ba6 20.exd5 Nxd5 21.d4 Rfc8 22.Qa5 Bb7
23.dxe5 f5 24.Rad1 Qc6 25.Nc4 Nf4 26.Rd6 Qe8 27.e6 Bxf3 28.Qe5+ Kg8 29.Qxf4 Be4
30.Qe5 Rb7 31.f3 Bc6 32.e7 Rbc7 33.Rf6  1-0

[Event "Arad Open A"]
[Site "Arad ROU"]
[Date "2011.08.09"]
[Round "6.6"]
[White "Ardeleanu,A"]
[Black "Veneteanu,I"]
[Result "1/2-1/2"]
[WhiteElo "2394"]
[BlackElo "2216"]

1.e4 c5 2.Nf3 Nc6 3.Bb5 Qc7 4.Nc3 e6 5.Bxc6 Qxc6 6.O-O a6 7.a4 b6 8.Re1 Bb7
9.Ne5 Qc7 10.Nc4 Nf6 11.d3 d5 12.exd5 Nxd5 13.Nxd5 Bxd5 14.Bg5 h6 15.Bh4 Bxc4
16.dxc4 Bd6 17.Qh5 O-O 18.Kh1 Rae8 19.Ra3 f5 20.Qg6 Qf7 21.Qxf7+ Rxf7 22.Rf3 e5
23.Rfe3 Bc7 24.Kg1  1/2-1/2

[Event "50th World Juniors"]
[Site "Chennai IND"]
[Date "2011.08.09"]
[Round "7.26"]
[White "Shreyansh,D"]
[Black "Roganovic,Milo"]
[Result "0-1"]
[WhiteElo "2298"]
[BlackElo "2476"]

1.e4 c5 2.Nf3 Nc6 3.Bb5 g6 4.Bxc6 dxc6 5.h3 Bg7 6.d3 b6 7.Nbd2 Nh6 8.a4 a5
9.Nc4 O-O 10.Be3 f5 11.Qd2 Nf7 12.O-O-O e5 13.Qe2 f4 14.Bd2 b5 15.Na3 Nd6
16.g3 bxa4 17.gxf4 exf4 18.e5 Rb8 19.d4 Qb6 20.Bc3 Ba6 21.Qe1 Nc4 22.Nxc4 Bxc4
23.Nd2 Bd5 24.Ne4 a3 25.bxa3 f3 26.Ng5 cxd4 27.Rxd4 Rf5 28.Rg4 h5 29.Rg3 Qc5
30.Rhg1 Qxa3+ 31.Kd2 Rd8 32.Qa1 Bc4+ 33.Ke1  0-1

[Event "22nd ch-NATO"]
[Site "Kaunas LTU"]
[Date "2011.08.09"]
[Round "3.33"]
[White "Sypien,M"]
[Black "Nielsen,Henr"]
[Result "1/2-1/2"]
[WhiteElo "2283"]
[BlackElo "2019"]

1.e4 c5 2.Nf3 Nc6 3.Bb5 g6 4.O-O Bg7 5.Re1 Nf6 6.c3 O-O 7.d4 cxd4 8.cxd4 Qb6
9.Bf1 d6 10.h3 Nd7 11.d5 Nce5 12.Nc3 Nxf3+ 13.Qxf3 f5 14.Qe2 f4 15.Qb5 Qd4
16.Rd1 Qe5 17.f3 Qg5 18.Kh1 Qh4 19.Bd2 g5 20.Be1 Qh5 21.Kg1 Ne5 22.Qe2 Bd7
23.Nb5 a6 24.Nd4 Rfc8 25.Rac1 Qe8 26.b3 Rxc1 27.Rxc1 Rc8 28.Rxc8 Qxc8 29.Bf2 Qc3
30.Qe1 Qc7 31.Qd2 Kf7 32.a4 h6 33.a5 Qc8 34.Kh2 Bf6 35.Be2  1/2-1/2

[Event "Split Open"]
[Site "Split CRO"]
[Date "2011.08.09"]
[Round "5.19"]
[White "Haas,P"]
[Black "Dragomirescu,C"]
[Result "0-1"]
[WhiteElo "2104"]
[BlackElo "2215"]

1.e4 c5 2.Nf3 Nc6 3.Bb5 g6 4.Bxc6 dxc6 5.h3 Bg7 6.d3 Nf6 7.Nc3 O-O 8.Be3 b6
9.Qd2 e5 10.a3 Qd6 11.Ne2 c4 12.Nc3 cxd3 13.Qxd3 Qxd3 14.cxd3 Re8 15.O-O-O Ba6
16.b4 Nd7 17.Kc2 c5 18.b5 Bb7 19.Nd2 Nf8 20.Nc4 Rad8 21.Ne2 Ne6 22.g3 f5
23.f3 Rf8 24.Rhf1 Bc8 25.Bc1 Rf7 26.Bb2 Nd4+ 27.Bxd4 exd4 28.e5 Be6 29.f4 h6
30.Ng1 Bf8 31.Nf3 Rg7 32.h4 Be7 33.Rg1 Kf7 34.Rdf1 Bxc4 35.dxc4 Ke6 36.Ne1 g5
37.hxg5 hxg5 38.Nd3 Rh8 39.Rg2 gxf4 40.Nxf4+ Kxe5 41.Re1+ Kd6 42.Re6+ Kd7
43.Rge2 Bd6 44.Ng6 Rhg8  0-1

[Event "Split Open"]
[Site "Split CRO"]
[Date "2011.08.09"]
[Round "5.23"]
[White "Marcic,I"]
[Black "Mazet,J"]
[Result "0-1"]
[WhiteElo "1999"]
[BlackElo "2147"]

1.e4 c5 2.Nf3 Nc6 3.Bb5 g6 4.O-O Bg7 5.Re1 Nf6 6.c3 O-O 7.d4 cxd4 8.cxd4 d5
9.e5 Ne4 10.Nc3 Nxc3 11.bxc3 Bg4 12.a4 Rc8 13.h3 Bxf3 14.Qxf3 Qd7 15.Qg3 a6
16.Be2 Na5 17.Ba3 Rc6 18.Bg4 Qc7 19.Bb2 e6 20.f4 Rc8 21.h4 Rb6 22.Qf2 Nc4
23.Bc1 Rb3 24.Qc2 Na5 25.Bd2 Qb6 26.Bd1 Rb2 27.Qd3 Nb3 28.Bxb3 Qxb3 29.Reb1 Rc7
30.Rxb2 Qxb2 31.Rb1 Qa2 32.Rb6 Qxa4 33.Qb1 Bf8 34.Kf2 Qd7 35.f5 exf5 36.Qe1 Rc6
37.Rb1 b5 38.Ra1 Qb7 39.Qe2 Qb6 40.Qf3 Qd8 41.Bg5 Qd7 42.h5 b4 43.c4 Rxc4
44.Rxa6 Qb7 45.Ra5  0-1

[Event "20th ZMDI Open A"]
[Site "Dresden GER"]
[Date "2011.08.10"]
[Round "5.21"]
[White "Krauseneck,P"]
[Black "Gottschlich,C"]
[Result "1-0"]
[WhiteElo "2230"]
[BlackElo "2350"]

1.e4 c5 2.Nf3 Nc6 3.Bb5 g6 4.Bxc6 dxc6 5.O-O Bg7 6.d3 Nf6 7.Nbd2 O-O 8.Rb1 Ne8
9.Ne1 e5 10.f4 exf4 11.Rxf4 Qc7 12.Rf1 Be6 13.b3 Nd6 14.Bb2 Bxb2 15.Rxb2 f5
16.Nef3 fxe4 17.dxe4 c4 18.c3 Rae8 19.Re1 cxb3 20.axb3 Bg4 21.Qe2 Bxf3 22.gxf3 Rf4
23.Rf1 Nf7 24.Ra2 a6 25.Qc4 Re5 26.Rf2 Rh5 27.Nf1 Kg7 28.Qd4+ Kh6 29.Ng3 Rh3
30.Rad2 Ng5 31.Rd3 Qf7 32.Kg2 Rfh4 33.Nf1 Qf4 34.Qe3 Ne6 35.Kg1 Rh5 36.Ng3 Ra5
37.Ne2 Rg5+ 38.Kh1 Qxe3 39.Rxe3 Ra5 40.Kg2 Rhh5 41.f4 Ra3 42.f5 gxf5 43.exf5 Rg5+
44.Ng3 Nf8 45.h4 Rg8 46.b4 a5 47.bxa5 Rxa5 48.Re7 Rc5 49.Rf3 b5 50.Kh3 Rd5
51.Ne4 Rd7 52.Nf6 Rg7 53.Nxd7  1-0

[Event "Cafe Atlantis Masters"]
[Site "Groningen NED"]
[Date "2011.08.10"]
[Round "3.2"]
[White "Geurink,J"]
[Black "Afek,Y"]
[Result "1-0"]
[WhiteElo "2293"]
[BlackElo "2298"]

1.e4 c5 2.Nf3 Nc6 3.Bb5 g6 4.Bxc6 bxc6 5.O-O Bg7 6.c3 Nf6 7.Re1 O-O 8.h3 d6
9.d4 cxd4 10.cxd4 Rb8 11.Nc3 Qa5 12.Bd2 Qc7 13.Rc1 Qb7 14.e5 dxe5 15.dxe5 Nd5
16.Nxd5 cxd5 17.Nd4 Bd7 18.Bc3 e6 19.Qd2 Rfc8 20.Rcd1 Ba4 21.Rc1 Be8 22.Qg5 Rc4
23.Rcd1 Rbc8 24.Re3 Bf8 25.Rf3 Ra4 26.a3 Rac4 27.h4 Qe7 28.Qg3 Bg7 29.h5 g5
30.h6 Bxh6 31.Rf6 Bg7 32.Qxg5 Kh8 33.Rd3 Bxf6 34.exf6 Qf8 35.Rg3 Rxd4 36.Bxd4 Rc4
37.Be5 Rc6 38.Qh5 Rc1+ 39.Kh2 Bb5 40.Rg7 Bd3 41.Rxf7 Qg8 42.Rf8  1-0

[Event "22nd ch-NATO"]
[Site "Kaunas LTU"]
[Date "2011.08.10"]
[Round "4.23"]
[White "Zengin,S"]
[Black "Tucker,D"]
[Result "1/2-1/2"]
[WhiteElo "2064"]
[BlackElo "2096"]

1.e4 c5 2.Nf3 Nc6 3.Bb5 d6 4.O-O Bd7 5.Re1 Nf6 6.c3 a6 7.Bxc6 Bxc6 8.e5 Nd5
9.d4 cxd4 10.Nxd4 e6 11.Nxc6 bxc6 12.Qa4 Qc7 13.Nd2 dxe5 14.Nc4 f6 15.f4 Bc5+
16.Kh1 O-O 17.b4 Nxc3 18.Qb3 Bd4 19.Bb2 Nd5 20.fxe5 Bxb2 21.Qxb2 Rab8 22.a3 a5
23.exf6 Rxf6 24.Nxa5 c5 25.Rac1 Rh6 26.Qe5 Qxe5 27.Rxe5 cxb4 28.Nc6 Rb6 29.axb4 Nxb4
30.Ne7+ Kf8 31.Nc8 Rc6 32.Rxc6 Nxc6 33.Rc5 Rf6 34.Kg1 e5 35.Nb6 Rd6 36.Nc4 Rd4  1/2-1/2

[Event "Sakkozo Magyarok World Meeting"]
[Site "Lakitelek HUN"]
[Date "2011.08.10"]
[Round "6.35"]
[White "Dan,F"]
[Black "Jakab,Kincso"]
[Result "1-0"]
[WhiteElo "1743"]
[BlackElo "1571"]

1.e4 c5 2.Nf3 Nc6 3.Bb5 d6 4.O-O Bd7 5.Re1 g6 6.c3 Bg7 7.Bxc6 Bxc6 8.d4 cxd4
9.cxd4 Nf6 10.Nc3 O-O 11.d5 Bd7 12.h3 Qc7 13.Bf4 Rfe8 14.Qd2 a6 15.Rac1 Qd8
16.e5 dxe5 17.Bxe5 b5 18.Rcd1 Bc8 19.Bxf6 Bxf6 20.Ne4 Bg7 21.d6 exd6 22.Nxd6 Rxe1+
23.Nxe1 Be6 24.b3 Qb6 25.Ne4 Rc8 26.Nf3 Qc6 27.Qe2 Bd5 28.Ned2 Re8 29.Qd3 Bh6
30.Nd4 Qb7 31.N2f3 Rd8 32.Ne2 Qd7 33.Nc3 Be6 34.Qxd7 Rxd7 35.Re1 Rc7 36.Ne4 Bg7
37.Rd1 Rd7 38.Rc1 Rd8 39.Nc5 Rc8 40.b4 Bxa2 41.Rd1 Ra8 42.Rd6 Bc4 43.Rxa6 Rxa6
44.Nxa6 Bc3 45.Ng5 Bd3 46.f3 Kg7 47.Ne4 Bd4+ 48.Kh2 Bxe4 49.fxe4 Kf6 50.Kg3 Bc3
51.Kf3 Ke5 52.Nc7 Bxb4 53.Nxb5 h6 54.Nc7 Bd6 55.Nd5 f5 56.exf5 Kxf5 57.Ne3+ Ke6
58.g4 Be7 59.Ng2 Bd6 60.h4 g5 61.h5 Be5 62.Ke4 Bg7 63.Ne3 Bf8 64.Nf5 Kd7
65.Ke5 Ke8 66.Kf6 Kd7 67.Kg6 Ke6 68.Nxh6 Bxh6 69.Kxh6 Kf6 70.Kh7 Kf7 71.h6 Kf6
72.Kg8 Ke5 73.h7 Kf4 74.h8=Q Kxg4 75.Qh1 Kg3 76.Kg7 g4 77.Kg6 Kf2 78.Qh4+ g3
79.Kg5 Kf3 80.Qf4+ Kg2 81.Kg4 Kh1 82.Kxg3  1-0

[Event "8th Ostroda GM"]
[Site "Ostroda POL"]
[Date "2011.08.10"]
[Round "8.3"]
[White "Leniart,A"]
[Black "Mista,A"]
[Result "1/2-1/2"]
[WhiteElo "2455"]
[BlackElo "2564"]

1.e4 c5 2.Nf3 Nc6 3.Bb5 g6 4.O-O Bg7 5.Re1 Nf6 6.Nc3 O-O 7.h3 Nd4 8.e5 Nxb5
9.Nxb5 Ne8 10.d4 a6 11.Nc3 cxd4 12.Nxd4 Nc7 13.Bf4 Ne6 14.Nxe6 fxe6 15.Qd2 Qb6
16.Be3 Qc6 17.Bh6 b5 18.Bxg7 Kxg7 19.Ne4 Bb7 20.Rad1 Rad8 21.Qb4 Rf7 22.f3 h6
23.Qc5 Rc8 24.b4 a5 25.Qxc6 Bxc6 26.a3 axb4 27.axb4 Rf4 28.c3 Kf7 29.Re3 Ke8
30.Nc5 Ra8 31.Red3 Bd5 32.Rxd5 exd5 33.Rxd5 Rc4 34.Ne4 Rb8 35.Kf2 Kd8 36.Ke3 Kc7
37.g4 g5 38.h4 gxh4 39.e6 d6 40.Rh5 Rd8 41.Kd3 d5 42.Nd2 Rf4 43.Rxh6 d4 44.c4 bxc4+
45.Kxc4 d3+ 46.Kc3 Rf6 47.Rxh4 Rxe6 48.g5 Rc6+ 49.Rc4 Rxc4+ 50.Kxc4 Kc6 51.Kc3 Kb5
52.Ne4 Kc6 53.g6 Rg8 54.Kxd3 Rxg6 55.Kd4 Rh6 56.Ke5 Kd7 57.f4 Rb6 58.Nc5+ Ke8
59.Nd3 Rd6 60.Nc5 Kf7 61.Ke4 Rb6 62.Nd3 Kf6 63.Kd4 Kf5 64.Kc5 Rd6 65.Nb2 Kxf4
66.b5 Ke4 67.b6 Rd5+ 68.Kc6 Rd2 69.Na4 Rd6+ 70.Kc7 Rxb6 71.Nxb6  1/2-1/2

[Event "RTU Open A"]
[Site "Riga LAT"]
[Date "2011.08.10"]
[Round "2"]
[White "Hansen,TR"]
[Black "Levchenkov,V"]
[Result "1/2-1/2"]
[WhiteElo "2468"]
[BlackElo "2240"]

1.e4 c5 2.Nf3 Nc6 3.Bb5 e6 4.Bxc6 dxc6 5.O-O Nf6 6.Qe2 Be7 7.b3 O-O 8.Bb2 Re8
9.c4 Nd7 10.e5 Nf8 11.Nc3 f5 12.exf6 gxf6 13.Nh4 f5 14.Nf3 Ng6 15.Na4 Bd6
16.Ne5 Qc7 17.f4 Bxe5 18.Bxe5 Nxe5 19.fxe5 b6 20.Nb2 Re7 21.Nd3 Bd7 22.Nf4 Be8
23.Rf3 Rd8 24.Rg3+ Kh8 25.Rf1 Bf7 26.Rff3 Ree8 27.Rh3 Qd7 28.Rd3 Qe7 29.Qf2 Rxd3
30.Rxd3 Rd8 31.Qe3 Rd7 32.Qg3 Rd4 33.Rxd4 cxd4 34.Qd3 c5 35.Qg3 Qd8 36.Kf2 h6
37.h4 Kh7 38.Nd3 a5 39.Qf4 Bh5 40.Qg3 Bf7 41.Qf4  1/2-1/2

[Event "RTU Open A"]
[Site "Riga LAT"]
[Date "2011.08.10"]
[Round "3"]
[White "Berzina,I"]
[Black "Kanep,M"]
[Result "1/2-1/2"]
[WhiteElo "2307"]
[BlackElo "2531"]

1.e4 c5 2.Nf3 Nc6 3.Bb5 g6 4.Bxc6 bxc6 5.O-O Bg7 6.d3 d6 7.h3 e5 8.Be3 Rb8
9.Nbd2 Ne7 10.Nb3 f5 11.exf5 gxf5 12.Ng5 O-O 13.f4 Nd5 14.Bd2 exf4 15.Qh5 h6
16.Nf3 Ne3 17.Rf2 Bxb2 18.c3 Qf6 19.Rb1 Bxc3 20.Bxc3 Qxc3 21.Qg6+ Qg7 22.Qxd6 Ba6
23.Rc1 Rbd8 24.Qxf4 Nd5 25.Qh4 f4 26.Nxc5 Bc8 27.Rc4 Rd6 28.Ne4 Rg6 29.Rcc2 Ne3
30.Rce2 Kh8 31.Ne5 Qxe5 32.Rxe3 Ba6 33.Ref3 Bxd3 34.Rxf4 Rxf4  1/2-1/2

[Event "Split Open"]
[Site "Split CRO"]
[Date "2011.08.10"]
[Round "6.11"]
[White "Biliskov,V"]
[Black "Bozanic,I"]
[Result "1-0"]
[WhiteElo "2358"]
[BlackElo "2234"]

1.Nf3 c5 2.e4 Nc6 3.Bb5 e6 4.O-O Nge7 5.Re1 a6 6.Bxc6 Nxc6 7.d4 cxd4 8.Nxd4 d6
9.Nc3 Be7 10.Nxc6 bxc6 11.Qg4 O-O 12.Bh6 Bf6 13.e5 dxe5 14.Ne4 Kh8 15.Rad1 Qe7
16.Be3 Rg8 17.Rd3 Qf8 18.Bc5 Be7 19.Rh3 h6 20.Ng5 Bxc5 21.Qe4 f5 22.Qxe5 Qf6
23.Rxh6+ Qxh6 24.Nf7+ Kh7 25.Nxh6 Be7 26.Nxg8  1-0